Programming Lenguages: Design and Implementation (Record no. 141)

MARC details
000 -LEADER
fixed length control field 00503nam a22001817a 4500
005 - DATE AND TIME OF LATEST TRANSACTION
control field 20180227160238.0
008 - FIXED-LENGTH DATA ELEMENTS--GENERAL INFORMATION
fixed length control field 160428b xxu||||| |||| 00| 0 eng d
020 ## - INTERNATIONAL STANDARD BOOK NUMBER
ISBN 81-7808553-4
041 ## - LANGUAGE CODE
Language code of text/sound track or separate title eng
082 ## - DEWEY DECIMAL CLASSIFICATION NUMBER
Item number 00475
Classification number 005.13
100 ## - MAIN ENTRY--AUTHOR NAME
Personal name Pratt, Terrence W. AND Marvin V. Zelkowitz
245 ## - TITLE STATEMENT
Title Programming Lenguages: Design and Implementation
250 ## - EDITION STATEMENT
Edition statement 4th ed.
260 ## - PUBLICATION, DISTRIBUTION, ETC. (IMPRINT)
Place of publication New Delhi
Name of publisher Pearson Education,
Year of publication 2004
300 ## - PHYSICAL DESCRIPTION
Number of Pages 649
650 ## - SUBJECT ADDED ENTRY--TOPICAL TERM
Topical Term Information Technology
942 ## - ADDED ENTRY ELEMENTS (KOHA)
Koha item type Books
Holdings
Lost status Damaged status Collection code Home library Current library Shelving location Date acquired Full call number Accession Number Koha item type
    CS/IT JRU Library JRU Library SHELF-50-A 28/04/2016 005.13 00475 Books
    CS/IT JRU Library JRU Library SHELF-50-A 28/04/2016 005.13 00476 Books
    CS/IT JRU Library JRU Library SHELF-50-A 28/04/2016 005.13 00477 Books
    CS/IT JRU Library JRU Library SHELF-50-A 28/04/2016 005.133 00478 Books
    CS/IT JRU Library JRU Library SHELF-50-A 28/04/2016 005.13 00479 Books